000 01287nam a22003617a 4500
003 CHAP
005 20220329135143.0
008 971013s1983 r 00010 d
010 _a31775
011 _a32747
035 _a36862
040 _cCHAP
090 _aTesis
100 0 0 _aLópez Díaz, Gerardo.
_967830
245 _aPrueba de campo para retardar la brotación de las yemas de vid (Vitis vinifera L.) utilizando ácido giberélico y ácido naftalenacético
260 _a(Monterrey, N.L.) :
_bEl autor,
_c1983
300 _a56 h.
502 _aTesis (Ing. Agr. en Producción Agropecuaria) -- ITESM. Div. de Ciencias Agopecuarias y Marítimas
590 _aALEPH
_b10
_c20130110
_lUCH01
_h1254
590 _aBATCH-UPD
_b10
_c20130109
_lUCH01
_h2359
590 _aBATCH-UPD
_b10
_c20130110
_lUCH01
_h1434
590 _aBATCH-UPD
_b10
_c20130409
_lUCH01
_h1933
590 _aBATCH-UPD
_b10
_c20130410
_lUCH01
_h0909
590 _aBATCH-UPD
_b10
_c20130913
_lUCH01
_h1907
590 _aCONVERSION
_b10
_c20130109
_lUCH01
_h1318
650 1 4 _aAcido naftalenacético.
_9593
650 1 4 _aPlantas
_xCrecimiento
_xAditivos.
_988804
650 1 4 _aSemillas
_xRendimiento.
_9103930
650 1 4 _aVid.
_9119097
901 _aBK
942 _cTESIS
949 _bBC
_cTES
_d-84748
_eTS1
_i36862
_si
999 _c31775
_d31775